Eastern Utah Libraries Catalog: Duchesne, Heber, Roosevelt, & Vernal

A very Mercy Christmas / (Record no. 378665)

MARC details
000 -LEADER
fixed length control field 01896cam a2200337Ii 4500
001 - CONTROL NUMBER
control field on1294287560
003 - CONTROL NUMBER IDENTIFIER
control field OCoLC
005 - DATE AND TIME OF LATEST TRANSACTION
control field 20221107173020.0
008 - FIXED-LENGTH DATA ELEMENTS--GENERAL INFORMATION
fixed length control field 220131s2022 maua 1 000 1 eng d
020 ## - INTERNATIONAL STANDARD BOOK NUMBER
International Standard Book Number 1536213608
Qualifying information (hardcover)
020 ## - INTERNATIONAL STANDARD BOOK NUMBER
International Standard Book Number 9781536213607
Qualifying information (hardcover) :
Terms of availability $18.99
035 ## - SYSTEM CONTROL NUMBER
System control number (OCoLC)1294287560
Canceled/invalid control number (OCoLC)1293844165
-- (OCoLC)1293896862
-- (OCoLC)1293933989
-- (OCoLC)1294112350
-- (OCoLC)1294135995
-- (OCoLC)1294219357
040 ## - CATALOGING SOURCE
Original cataloging agency YDX
Language of cataloging eng
Transcribing agency YDX
Modifying agency BDX
-- LIV
-- LJW
-- BKL
-- JCX
-- IK2
-- UPB
Description conventions rda
092 ## - LOCALLY ASSIGNED DEWEY CALL NUMBER (OCLC)
Classification number children holiday
Item number DiCamillo
100 1# - MAIN ENTRY--PERSONAL NAME
Personal name DiCamillo, Kate,
Relator term author.
9 (RLIN) 48364
245 12 - TITLE STATEMENT
Title A very Mercy Christmas /
Statement of responsibility, etc Kate DiCamillo ; illustrated by Chris Van Dusen.
250 ## - EDITION STATEMENT
Edition statement First edition.
264 #1 - Production, Publication, Distribution, Manufacture, and Copyright Notice.
Place of production, publication, distribution, manufacture Somerville, Massachusetts :
Name of producer, publisher, distributor, manufacturer Candlewick Press,
Date of production, publication, distribution, manufacture, or copyr 2022.
300 ## - PHYSICAL DESCRIPTION
Extent 32 unnumbered pages :
Other physical details color illustrations ;
Dimensions 28 cm
336 ## - Content Type
Content type term text
336 ## - Content Type
Content type term still image
337 ## - Media type
Media type term unmediated
338 ## - Carrier type
Carrier type term volume
520 ## - SUMMARY, ETC.
Summary, etc When Stella gets the sudden idea to go caroling, she has a little trouble getting someone to join her. Her brother, Frank, is not good at spontaneity. The Watsons are very involved in a precarious fruitcake attempt (but happy to send their pig, Mercy, out for the occasion). Eugenia Lincoln declines, a bit rudely, to accompany on her accordion, and Horace Broom is too busy studying planetary movement. Will Stella need to sing by herself--with enthusiastic contributions from the pig, the cat, and the horse she picks up on the way? Or does the evening hold a miracle Stella hadn't expected?
583 ## - ACTION NOTE
Action Jcat
Time/date of action 20221107
Action agent pjr
Institution to which field applies UPB
650 #0 - SUBJECT ADDED ENTRY--TOPICAL TERM
Topical term or geographic name as entry element Swine
Form subdivision Juvenile fiction.
9 (RLIN) 5675899
650 #0 - SUBJECT ADDED ENTRY--TOPICAL TERM
Topical term or geographic name as entry element Piglets
Form subdivision Juvenile fiction.
9 (RLIN) 6357491
650 #0 - SUBJECT ADDED ENTRY--TOPICAL TERM
Topical term or geographic name as entry element Christmas
Form subdivision Juvenile fiction.
9 (RLIN) 5686707
700 1# - ADDED ENTRY--PERSONAL NAME
Personal name Van Dusen, Chris,
Relator term illustrator.
9 (RLIN) 43482
942 ## - ADDED ENTRY ELEMENTS (KOHA)
Source of classification or shelving scheme Dewey Decimal Classification
Koha item type BOOK
Holdings
Withdrawn status Lost status Source of classification or shelving scheme Damaged status Not for loan Collection code Home library Current library Shelving location Date acquired Source of acquisition Total Checkouts Total Renewals Full call number Barcode Date last seen Date checked out Cost, replacement price Price effective from Koha item type
    Dewey Decimal Classification     Children Holiday Books Wasatch County Library Wasatch County Library Main Floor Childrens Area 11/07/2022 Micromarketing 10 8 E Christmas DiCamillo 34301001868449 01/15/2026 01/09/2026 18.99 11/07/2022 BOOK
    Dewey Decimal Classification     Children Holiday Books Wasatch County Library Wasatch County Library Main Floor Childrens Area 12/08/2022 KidsReference 9 8 E Christmas DiCamillo 34301001850835 02/04/2026 01/14/2026 18.99 12/08/2022 BOOK
This project was made possible through a grant from the Institute of Museum and Library Service administered by the Utah State Library Division.

Wasatch County Library

  • 465 East 1200 South, Heber City, Utah 84032
  • Phone 435-654-1511 | Fax 435-654-6456

Hours

  • Monday - Friday 9:30 AM - 8:00 PM
  • Saturday 9:30 AM - 1:30 PM
  • Closed Sundays and Holidays